01156nam a2200169 a 450000500170000000800410001702000180005805000260007610000190010224500710012126000570019230000350024950000640028452005720034865000470092070000190096720140310183358.0121115s19uu xx 00 eng d a9780195320404 aPN 1995.5b.Et84 2011 aJones, Ward E. aEthics at the cinema /cedited by Ward E. Jones and Samantha Vice. aOxford ; New York :bOxford University Press,c2011. aviii, 341 p. :bill. ;c23 cm. aIncludes bibliographical references (p. 323-335) and index. aThe editors of Ethics at the Cinema invited a diverse group of moral philosophers and philosophers of film to engage with ethical issues raised within, or within the process of viewing, a single film of each contributor's choice. The result is a unique collection of considerable breadth. Discussions focus on both classic and modern films, and topics range from problems of traditional concern to philosophers (e.g. virtue, justice, and ideals) to problems of traditional concern to filmmakers (e.g. sexuality, social belonging, and cultural identity). --Book Jacket aMotion picturesxMoral and ethical aspects aVice, Samantha